| 000 | 02117nam0a22004211 4500 | ||
|---|---|---|---|
| 001 | rc\335251 | ||
| 005 | 20250621042023.0 | ||
| 010 |
_a5-06-000090-7 _960000 _bв пер. _d1 р. 30 к. |
||
| 021 |
_aRU _b89-79343 |
||
| 035 | _a(NLR Aleph) 005570278 | ||
| 090 |
_a6004516 _c6004516 |
||
| 100 | _a20030307d1989 |||y0rusy50 ca | ||
| 101 | 0 | _arus | |
| 102 | _aRU | ||
| 105 | _aa j|||||||| | ||
| 181 | 0 |
_ai _baxxe |
|
| 182 | 0 | _an | |
| 200 | 1 |
_aПрикладная механика _e[учебник для немашиностроительных специальностей втузов] _fГ.Б. Иосилевич, Г.Б. Строганов, Г.С. Маслов _gпод редакцией Г.Б. Иосилевича |
|
| 203 |
_aТекст _bвизуальный _cнепосредственный |
||
| 210 |
_aМосква _cВысшая школа _d1989 |
||
| 215 |
_d24 _a350, [1] с. _cил. |
||
| 320 | _aБиблиогр.: с. 348 (11 назв.) | ||
| 606 | 1 |
_aПрикладная механика _jУчебные издания для высших учебных заведений _9983097 _3RU\NLR\AUTH\66370323 |
|
| 606 | 1 |
_aТехническая механика _jУчебные издания для высших учебных заведений _92175016 _3RU\NLR\AUTH\661308143 |
|
| 606 | 1 |
_aСопротивление материалов _jУчебные издания для высших учебных заведений _91104923 _3RU\NLR\AUTH\66115919 |
|
| 606 | 1 |
_aМеханизмы _jУчебные издания для высших учебных заведений _xТеория _91046438 _3RU\NLR\AUTH\6685734 |
|
| 686 | 1 | _aВ2я73-1 | |
| 686 | 1 | _aК412я73-1 | |
| 686 | 1 | _aЖ121я73-1 | |
| 700 | 1 |
_aИосилевич _bГ. Б. _f-1989 _gГеннадий Борисович _4070 _4340 |
|
| 701 | 1 |
_aСтроганов _bГ. Б. _gГенрих Борисович |
|
| 701 | 1 |
_aМаслов _bГ. С. _gГеоргий Сергеевич |
|
| 801 | 0 |
_aRU _bNLR _gpsbo |
|
| 801 | 1 |
_aRU _bELAR _2rusmarc |
|
| 852 |
_aNLR _j89-7/1404 |
||
| 942 | _cBOOK | ||
| 980 | _aNB | ||